000 00692nam a2200217Ia 4500
005 20230705113353.0
008 210716s2006 xx 000 0 und d
020 _a0070584087
040 _cAIMIT LIBRARY
041 _aeng
082 _a004.65
_23
_bFORB
100 _aForouzan, Behrouz A.
_9125580
245 _aData communications and networking /
_cBy Behrouz A Forouzan.
250 _a3rd ed.
260 _aNew Delhi :
_bTata McGraw Hill Publishing Company Ltd ,
_c2006.
300 _axxxiv,973p. ;
_bPB
_c23 cm.
650 _aPhysical layer
_9125581
650 _aDigital transmission
_9125582
650 _aCircuit switching and telephone network
_9125583
942 _2ddc
_cBK
_e3rd
999 _c186251
_d186251